Normale Ansicht MARC-Ansicht ISBD

Deutlich mehr rechte Gewalt. (Titelsatznr. 372145)

[ MARC ]
MARC-Details
000 -Satzkennung
Kontrollfeld mit fester Länge 00760nam a22001937a 4500
008 - Feld mit fester Länge zur physischen Beschreibung - Allgemeine Angaben
Kontrollfeld mit fester Länge 201127b ||||| |||| 00| 0 eng d
040 ## - Katalogisierungsquelle
Original-Katalogisierungsstelle DE-2950
Katalogisierungssprache ger
Übertragungsstelle DE-2950
Beschreibungsfestlegungen rda
041 ## - Sprachcode
Sprachcode des Textes/der Tonspur oder des separaten Titels ger
245 ## - Titel
Haupttitel Deutlich mehr rechte Gewalt.
Titelzusatz Extremismus. Der linke Verein Utopia hat seine Chronik für 2022 in Frankfurt vorgestellt. Die präsentierte Statistik zeigt: Die Hemmschwellesingt /
Verantwortlichkeitsangabe Peggy Lohse.
264 ## - Veröffentlichungsangabe, Vertriebsangabe, Herstellungsangabe
Erscheinungs-, Vertriebs-, Herstellungsdatum 2023
653 ## - Lokales Schlagwort
Nicht-normierter Term Frankfurt (Oder)
653 ## - Lokales Schlagwort
Nicht-normierter Term Rechtsextremismus
653 ## - Lokales Schlagwort
Nicht-normierter Term Utopia
773 ## - Übergeordnete Einheit
Ort, Verlag und Erscheinungsjahr Frankfurt (Oder) Märkisches Verlags- und Druckhaus GmbH & Co KG
Titel Märkische Oderzeitung
Verknüpfungsangaben 34. Jahrgang (2023) Nr. 16 vom 19.01.2023, S. 15: mit Foto
942 ## - Zusätzliche Felder (Koha)
Koha-Medientyp Aufsätze
Exemplare
Ausgeschieden Verloren Beschädigt Nicht entleihbar Permanenter Standort Aktueller Standort Aufstellungsort Eingabedatum Anzahl Ausleihen Signatur Letzte Aktivität Preis gültig von Medientyp
        Stadtarchiv Frankfurt (Oder) | Archivbibliothek Stadtarchiv Frankfurt (Oder) | Archivbibliothek Magazin 19/01/2023   Z2 19/01/2023 19/01/2023 Aufsätze